000
00287nam a2200121Ia 4500
008
230817s2022 xx 000 0 und d
041
_a
eng
082
_a
346043/NAN
100
_a
AMIT NANDA
245
_a
MAHA LAND REVENUE CODE
260
_a
Mumbai
_b
Snow White
_c
2022
300
_a
1-145p
999
_c
850104
_d
850104